| 000 | 00393 a2200133 4500 | ||
|---|---|---|---|
| 001 | 90543 | ||
| 082 | _aPR 943 | ||
| 090 |
_c42877 _d42877 |
||
| 100 | _aRaja Rizwan ullah Khan; Nasir Baig, advisors | ||
| 245 |
_aAn alternate design of the flash eliminator for HP-30 gun of F-6 aircraft _nG-26 |
||
| 260 |
_aKarachi _bNED University _c1987 |
||
| 300 | _avi, 36 p. | ||
| 500 | _aBE Project Reports | ||
| 942 |
_aCAE NUST _kPR 943 |
||
| 999 |
_c325616 _d325616 |
||